01827nam a2200457 i 450000100060000000300080000600500170001400600190003100700150005000800410006502000270010603500230013303500240015603500250018003500210020504000310022605000210025708000080027808200140028610000390030024501780033926400740051730000410059133600310063233700330066333800430069650000230073950400290076258801250079159001590091665000290107565000250110465000240112965000260115365500270117970000350120670000300124179700190127185600620129099900170135273706FlNmELB20241217143507.0m o d | cr cnu||||||||170424s2015 mx ob 001 0 spa d a9786070267802 (e-book) a(MiAaPQ)EBC4775839 a(Au-PeEL)EBL4775839 a(CaPaEBR)ebr11322492 a(OCoLC)992049932 aFINmELBbspaerdacFINmELB 4aTD193bA958 2015 a5040 a628.52231 aÁvila Zárraga, José Gustavo.10aTeoría y experimentos de química orgánica con un enfoque de química verde /cJosé Gustavo Ávila Zárraga, Irma Cruz Gavilán García, Gema Susana Cano Díaz. 1aMéxico D.F. :bUniversidad Nacional Autónoma de México,c[2015] a1 recurso en línea (126 páginas) atextobtxt2rdacontent/spa acomputadorabc2rdamedia/spa arecurso en líneabcr2rdacarrier/spa aContiene índice. aContiene bibliografía. aDescripción basada en recurso en línea; Título de la página del título en PDF (e-libro, visto April 24, 2017). aRecurso electronico. Santa Fe, Arg. : e-libro, 2016. Disponible via World Wide Web. El acceso puede ser limitado para las bibliotecas afiliadas a e-libro. 0aEnvironmental chemistry. 4aQuímica ambiental. 0aChemistry, Organic. 4aQuímica orgánica. 4aLibros electrónicos.1 aGavilán García, Irma Cruz.1 aCano Díaz, Gema Susana.2 ae-libro, Corp.40uhttps://elibro.net/ereader/politecnicointernacional/37266 c73706d73706